| 000 | 00709nam a2200253Ia 4500 | ||
|---|---|---|---|
| 003 | GCL | ||
| 008 | 140319s9999 xx 000 0 eng d | ||
| 040 |
_aGCL / _cGCL |
||
| 082 | 0 | 4 |
_a305.4 _bB W |
| 100 | 1 | _aBELENKY, MARY FIELD | |
| 245 | 1 | 0 |
_aWOMEN'S WAYS OF KNOWING / _cBELENKY, MARY FIELD |
| 700 | 1 | _aCLINCHY, BLYTHE MC VICKER | |
| 700 | 1 | _aGOLDBERGER, NANCY RULE | |
| 700 | 1 | _aTARULE, JILL MATTUCK | |
| 260 |
_a[S.N] : _b"BASIC BOOKS, INC; PUBLISHERS" ، _c1986 |
||
| 300 | _a239 P | ||
| 650 | 0 | 4 | _aFEMINISM - UNITED STATES |
| 650 | 0 | 4 | _aUNITED STATES |
| 650 | 0 | 4 | _aEDUCATION |
| 650 | 0 | 4 | _aWOMEN |
| 650 | 0 | 4 | _aKNOWLEDGE THEORY |
| 650 | 0 | 4 | _aSELF - ACTUALIZATION - ( PSYC) |
| 942 |
_2ddc _cBK |
||
| 999 |
_c13132 _d13132 |
||